[Event "Bodensee op"]
[Site "Bregenz"]
[Date "2024.05.06"]
[Round "3"]
[White "Guba, Viktor"]
[Black "Al Mutlaq, Ibrahim A"]
[Result "1-0"]
[WhiteElo "1891"]
[BlackElo "1794"]
[PlyCount "127"]
[EventDate "2024.05.04"]
[EventType "swiss"]
[EventRounds "9"]
[EventCountry "AUT"]
[SourceTitle "CBM 220 Extra"]
[Source "ChessBase"]
[SourceDate "2024.07.31"]
[SourceVersion "1"]
[SourceVersionDate "2024.07.31"]
[SourceQuality "1"]

1. e4 c5 2. c3 e6 3. d4 d5 4. exd5 exd5 5. Nf3 Nf6 6. Ne5 Bd6 7. Bb5+ Nbd7 8. 0-0 0-0 9. Nxd7 Bxd7 10. Bxd7 Qxd7 11. dxc5 Bxc5 12. Nd2 Rad8 13. Nb3 Bb6 14. Nd4 Bc7 15. Bg5 Qd6 16. g3 Bb6 17. Qf3 Bxd4 18. cxd4 h6 19. Bxf6 Qxf6 20. Qxf6 gxf6 21. Rfe1 Rfe8 22. Kf1 Re4 23. Rxe4 dxe4 24. Rd1 Kf8 25. Ke2 Ke7 26. Ke3 Rc8 27. Rd2 f5 28. f3 Rc1 29. Re2 exf3 30. Kxf3+ Kd6 31. Ke3 Rf1 32. Rc2 Re1+ 33. Kd3 Rd1+ 34. Kc4 f4 35. Rf2 fxg3 36. hxg3 Rc1+ 37. Kd3 Ke6 38. Rh2 Rd1+ 39. Kc3 Rc1+ 40. Kd2 Rg1 41. Rxh6+ Kd5 42. Rf6 Rg2+ 43. Kc3 Rxg3+ 44. Kb4 Rg7 45. Rf4 Ke6 46. Kc4 f5 47. Rf2 Rf7 48. d5+ Ke5 49. Re2+ Kf4 50. d6 Kg3 51. Re7 Rf8 52. d7 Rd8 53. Kd5 f4 54. Kd6 f3 55. Kc7 f2 56. Rf7 Rxd7+ 57. Kxd7 Kg2 58. Kc7 b5 59. Kb7 b4 60. Kxa7 f1Q 61. Rxf1 Kxf1 62. Kb6 Ke2 63. Kc5 b3 64. axb3 1-0

[Event "World Amateur-ch U1700"]
[Site "Cagliari"]
[Date "2018.04.26"]
[Round "6"]
[White "Alipbek, Marat"]
[Black "Al Mutlaq, Ibrahim A"]
[Result "1-0"]
[WhiteElo "1518"]
[BlackElo "1151"]
[PlyCount "125"]
[EventDate "2018.04.22"]
[EventType "swiss"]
[EventRounds "9"]
[EventCountry "ITA"]
[SourceTitle "CBM 184 Extra"]
[Source "ChessBase"]
[SourceDate "2018.06.28"]
[SourceVersion "1"]
[SourceVersionDate "2018.06.28"]
[SourceQuality "1"]

1. d4 Nf6 2. c4 g6 3. Nc3 Bg7 4. e4 0-0 5. e5 Ne8 6. Nf3 d6 7. exd6 exd6 8. Be2 Nf6 9. 0-0 Re8 10. h3 Nc6 11. d5 Ne5 12. Nxe5 Rxe5 13. Bf4 Re8 14. Bd3 Bd7 15. Qd2 Qc8 16. Rfe1 Rxe1+ 17. Rxe1 Nh5 18. Bh2 Bxh3 19. gxh3 Qxh3 20. Qe3 Qg4+ 21. Bg3 Bd4 22. Be2 Qh3 23. Qxd4 Nxg3 24. fxg3 Qxg3+ 25. Kf1 Qh3+ 26. Kf2 Re8 27. Rf1 Re5 28. Ke1 f5 29. Kd2 g5 30. Qd3 g4 31. Qxh3 gxh3 32. Rh1 Kg7 33. Rxh3 h6 34. Nb5 c6 35. dxc6 bxc6 36. Nxd6 Kg6 37. Rxh6+ Kg7 38. Rh2 Ra5 39. a3 Re5 40. Bd3 f4 41. Rf2 Re6 42. Nf5+ Kf6 43. Rxf4 Kg5 44. Rf1 Rf6 45. Rg1+ Kf4 46. Nd4 c5 47. Rf1+ Ke5 48. Rxf6 Kxf6 49. Nb3 Ke6 50. Nxc5+ Kd6 51. Ne4+ Kc6 52. b4 a6 53. a4 Kb6 54. c5+ Kc6 55. b5+ axb5 56. axb5+ Kb7 57. b6 Kc6 58. Ba6 Kd7 59. Nf6+ Kc6 60. Ne8 Kxc5 61. b7 Kd4 62. b8Q Kc5 63. Qd6# 1-0

[Event "World Amateur-ch U1700"]
[Site "Cagliari"]
[Date "2018.04.25"]
[Round "5"]
[White "Al Mutlaq, Ibrahim A"]
[Black "Bergin, Cian"]
[Result "1/2-1/2"]
[WhiteElo "1151"]
[BlackElo "1377"]
[PlyCount "75"]
[EventDate "2018.04.22"]
[EventType "swiss"]
[EventRounds "9"]
[EventCountry "ITA"]
[SourceTitle "CBM 184 Extra"]
[Source "ChessBase"]
[SourceDate "2018.06.28"]
[SourceVersion "1"]
[SourceVersionDate "2018.06.28"]
[SourceQuality "1"]

1. e4 c5 2. Nf3 Nc6 3. d4 cxd4 4. Nxd4 g6 5. Nc3 Bg7 6. Be3 Nf6 7. Be2 d5 8. Nxc6 bxc6 9. exd5 Nxd5 10. Nxd5 cxd5 11. c3 0-0 12. Qd2 Be6 13. Bh6 Qb6 14. Bxg7 Kxg7 15. Qd4+ Qxd4 16. cxd4 Rab8 17. b3 Rb4 18. Rd1 Rc8 19. Rd2 Rc1+ 20. Bd1 Bf5 21. 0-0 Rb6 22. Bf3 Rxf1+ 23. Kxf1 e6 24. g4 Bb1 25. Rb2 Bd3+ 26. Be2 Bxe2+ 27. Kxe2 Kf6 28. Rc2 Rb7 29. Rc3 Kg5 30. h3 Kf4 31. a3 Ke4 32. Rd3 Rb6 33. h4 Rc6 34. Kd2 Rc7 35. Rc3 Rb7 36. Rd3 Kf4 37. Rg3 Ke4 38. Rd3 1/2-1/2